<?xml version="1.0" encoding="UTF-8"?><?xml-stylesheet type="text/xsl" href="static/style.xsl"?><OAI-PMH xmlns="http://www.openarchives.org/OAI/2.0/" xmlns:xsi="http://www.w3.org/2001/XMLSchema-instance" xsi:schemaLocation="http://www.openarchives.org/OAI/2.0/ http://www.openarchives.org/OAI/2.0/OAI-PMH.xsd"><responseDate>2026-04-13T07:17:34Z</responseDate><request verb="GetRecord" identifier="oai:www.recercat.cat:2117/350256" metadataPrefix="marc">https://recercat.cat/oai/request</request><GetRecord><record><header><identifier>oai:recercat.cat:2117/350256</identifier><datestamp>2025-07-23T06:01:04Z</datestamp><setSpec>com_2072_1033</setSpec><setSpec>col_2072_452951</setSpec></header><metadata><record xmlns="http://www.loc.gov/MARC21/slim" xmlns:dcterms="http://purl.org/dc/terms/" xmlns:xsi="http://www.w3.org/2001/XMLSchema-instance" xmlns:doc="http://www.lyncode.com/xoai" xsi:schemaLocation="http://www.loc.gov/MARC21/slim http://www.loc.gov/standards/marcxml/schema/MARC21slim.xsd">
   <leader>00925njm 22002777a 4500</leader>
   <datafield ind2=" " ind1=" " tag="042">
      <subfield code="a">dc</subfield>
   </datafield>
   <datafield ind2=" " ind1=" " tag="720">
      <subfield code="a">Holguín Gómez, Helen Karoline</subfield>
      <subfield code="e">author</subfield>
   </datafield>
   <datafield ind2=" " ind1=" " tag="260">
      <subfield code="c">2021-07-19</subfield>
   </datafield>
   <datafield ind2=" " ind1=" " tag="520">
      <subfield code="a">El presente proyecto responde a la modalidad Prácticum, mostrando la experiencia adquirida durante mi estancia de cuatro meses de prácticas, en la empresaI M3 Ingenieros Emetres S.L.P, especializada en obra civil e interviniendo en diferentes ámbitosde la construcción. El principal objetivo ha sido poder seguir formándome el día a día para mejorar mis conocimientosy a la vez poder experimentary conocer la realidad del mundo laboralen la construcción.La  estructura  del  núcleo  del  trabajo  se  compone  principalmente  en trespartes:  la  primera,  es  la presentación de la empresa donde he realizado las prácticas, para conocerla de manera más detallada; la segunda, se centra en las tareas que he llevado a cabo a lo largo del Prácticum,que consta de cuatros proyectos, procurando que el esquema de la explicación de cada uno de los proyectos seade manera similar  para  mejor  comprensión;  y  la  tercera, he redactado  unas  conclusiones  basándome  en la experiencia adquirida durante estos meses y las diferentes vivencias profesionales en eldespacho. Finalmente, he adjuntado en el apartado de anejos toda la información complementaria de cada proyecto citado, por su contenido extenso y así siendo más comprensible el proyecto.</subfield>
   </datafield>
   <datafield tag="653" ind2=" " ind1=" ">
      <subfield code="a">Àrees temàtiques de la UPC::Edificació::Rehabilitació d'edificis</subfield>
   </datafield>
   <datafield tag="653" ind2=" " ind1=" ">
      <subfield code="a">Àrees temàtiques de la UPC::Edificació::Gestió d'obres::Planificació i programació d'obres</subfield>
   </datafield>
   <datafield tag="653" ind2=" " ind1=" ">
      <subfield code="a">Architectural practice</subfield>
   </datafield>
   <datafield tag="653" ind2=" " ind1=" ">
      <subfield code="a">Cemeteries</subfield>
   </datafield>
   <datafield tag="653" ind2=" " ind1=" ">
      <subfield code="a">Arquitectura -- Pràctica professional</subfield>
   </datafield>
   <datafield tag="653" ind2=" " ind1=" ">
      <subfield code="a">Cementiris -- Catalunya -- Barcelona</subfield>
   </datafield>
   <datafield ind2="0" ind1="0" tag="245">
      <subfield code="a">Prácticum en la empresa IM3 Ingenieros Emetres S.L.P.</subfield>
   </datafield>
   <datafield ind2="0" ind1="0" tag="245">
      <subfield code="a">Intervención en diversos ámbitos de la construcción</subfield>
   </datafield>
</record></metadata></record></GetRecord></OAI-PMH>